[Event "Prague Pankrac Cup"]
[Site "Prague"]
[Date "2014.10.28"]
[Round "7"]
[White "Postupa, Pavel1111"]
[Black "Kacmarik, Lukas"]
[Result "1-0"]
[WhiteElo "2260"]
[BlackElo "2208"]
[PlyCount "109"]
[EventDate "2014.09.16"]
[EventType "swiss"]
[EventRounds "8"]
[EventCountry "CZE"]
[SourceTitle "EXT 2015"]
[Source "ChessBase"]
[SourceDate "2014.11.20"]
[SourceVersion "1"]
[SourceVersionDate "2014.11.20"]
[SourceQuality "1"]

1. e4 c5 2. Nf3 Nc6 3. Bb5 g6 4. Bxc6 dxc6 5. d3 Bg7 6. h3 Nf6 7. Nc3 Nd7 8. Be3 e5 9. Qd2 Qe7 10. 0-0 0-0 11. Bh6 f6 12. Bxg7 Qxg7 13. Nh2 g5 14. Nd1 Re8 15. Ne3 Nf8 16. Qc3 b6 17. Nf5 Bxf5 18. exf5 h5 19. a4 Qd7 20. a5 Kg7 21. g4 hxg4 22. hxg4 Qd4 23. Qxd4 cxd4 24. axb6 axb6 25. Nf3 Nd7 26. Nd2 Kf7 27. Kg2 Rh8 28. Nc4 Ke7 29. b4 b5 30. Na5 Kd6 31. Rh1 Nb6 32. Nb7+ Kc7 33. Nc5 Nd5 34. Rxa8 Rxa8 35. Rh7+ Kb8 36. Nd7+ Kc8 37. Rf7 Ra2 38. Nxf6 Nf4+ 39. Kf3 Rxc2 40. Ne4 Nxd3 41. Ra7 Nf4 42. f6 Rb2 43. Nc5 e4+ 44. Kxe4 Rxf2 45. Ra8+ Kc7 46. f7 Ng6 47. f8Q Nxf8 48. Rxf8 Rxf8 49. Ne6+ Kd6 50. Nxf8 c5 51. bxc5+ Kxc5 52. Ne6+ Kc4 53. Nxg5 b4 54. Nf3 Kc3 55. Nxd4 1-0

[Event "Prague Pankrac Cup"]
[Site "Prague"]
[Date "2014.09.16"]
[Round "1"]
[White "Matsenko, Andrei"]
[Black "Kacmarik, Lukas"]
[Result "1-0"]
[WhiteElo "2294"]
[BlackElo "2208"]
[PlyCount "71"]
[EventDate "2014.09.16"]
[EventType "swiss"]
[EventRounds "8"]
[EventCountry "CZE"]
[SourceTitle "EXT 2015"]
[Source "ChessBase"]
[SourceDate "2014.11.20"]
[SourceVersion "1"]
[SourceVersionDate "2014.11.20"]
[SourceQuality "1"]

1. e4 c5 2. Nf3 Nc6 3. Bb5 g6 4. Bxc6 dxc6 5. 0-0 Bg7 6. d3 e5 7. h3 Ne7 8. a3 a5 9. Be3 b6 10. Qc1 0-0 11. Bh6 f6 12. Bxg7 Kxg7 13. Nc3 Be6 14. Qe3 Nc8 15. Nd2 Nd6 16. Ne2 Nf7 17. f4 Ra7 18. Qg3 Bc8 19. Nf3 Re7 20. Rf2 c4 21. fxe5 Nxe5 22. d4 Nxf3+ 23. Qxf3 f5 24. e5 c5 25. dxc5 bxc5 26. Qc3 Qc7 27. Nf4 Bb7 28. e6+ Kg8 29. Qxc4 Rfe8 30. Rd1 Qb6 31. Qc3 Be4 32. Qf6 Qc7 33. c4 Rf8 34. Qc3 Qc6 35. Qe5 Rfe8 36. Rd6 1-0